000 00310 a2200121 4500
001 ART_17571
005 20260410161750.0
008 260409a
245 1 0 _aThe why of work
100 1 _aUlrich, Dave
700 1 _aUlrich, Wendy
773 0 _tBook Summary
_g- NÂș 15 (ene. 2012)
_wREV4099
999 _c19613
_d19613